Open doors : Workbook 2
Uloženo v:
| Hlavní autor: | |
|---|---|
| Médium: | Kniha |
| Jazyk: | Undetermined |
| Vydáno: |
Oxford
Oxford University press
1994
|
| Témata: | |
| Tagy: |
Přidat tag
Žádné tagy, Buďte první, kdo otaguje tento záznam!
|
| Thư viện lưu trữ: | Trung tâm Học liệu Trường Đại học Cần Thơ |
|---|
| LEADER | 00569nam a2200217Ia 4500 | ||
|---|---|---|---|
| 001 | CTU_93285 | ||
| 008 | 210402s9999 xx 000 0 und d | ||
| 020 | |c 61000 | ||
| 082 | |a 428.24 | ||
| 082 | |b W256/wb2 | ||
| 100 | |a Ward, Ann | ||
| 245 | 0 | |a Open doors : | |
| 245 | 0 | |b Workbook 2 | |
| 245 | 0 | |c Ann Ward, Norman Whitney | |
| 260 | |a Oxford | ||
| 260 | |b Oxford University press | ||
| 260 | |c 1994 | ||
| 650 | |a English language | ||
| 650 | |x Textbooks for foreign speakers | ||
| 904 | |i Năm,Hải | ||
| 980 | |a Trung tâm Học liệu Trường Đại học Cần Thơ | ||